Architecture Drawing Book (Record no. 359120)

MARC details
000 -LEADER
fixed length control field 00451 a2200157 4500
005 - DATE AND TIME OF LATEST TRANSACTION
control field 20250221110339.0
008 - FIXED-LENGTH DATA ELEMENTS--GENERAL INFORMATION
fixed length control field 240718b |||||||| |||| 00| 0 eng d
020 ## - INTERNATIONAL STANDARD BOOK NUMBER
International Standard Book Number 9781859469491
082 ## - DEWEY DECIMAL CLASSIFICATION NUMBER
Classification number 720.22/HIN
100 ## - MAIN ENTRY--PERSONAL NAME
Author Hind C
245 ## - TITLE STATEMENT
Title Architecture Drawing Book
260 ## - PUBLICATION, DISTRIBUTION, ETC.
Name of publisher, distributor, etc. Riba Publishing
Date of publication, distribution, etc. 2023
Place of publication, distribution, etc. London
300 ## - PHYSICAL DESCRIPTION
Extent 240p
Other physical details HB
500 ## - GENERAL NOTE
Keywords A brief History of Riba Collection<br/>Concepts Sketches<br/>Buildings in context
942 ## - ADDED ENTRY ELEMENTS (KOHA)
Koha item type Reference book
Holdings
Withdrawn status Lost status Source of classification or shelving scheme Damaged status Not for loan Collection code Home library Current library Date acquired Vendor Net Price Bill number Full call number Barcode Date last seen Actual Price Bill Date Koha item type
    Dewey Decimal Classification   Available Book of B Arch Dr. Bhanuben Nanavati College of Architecture Dr. Bhanuben Nanavati College of Architecture 18/07/2024 The Word Book 3112.83 WORD/2024/CRB/519 720.22/HIN BNCA-BK-12690 18/07/2024 4941.00 11/07/2024 Reference book